000 00320nam a22001337a 4500
008 170908b xxu||||| |||| 00| 0 eng d
020 _a0879750642
041 _aeng
080 _a52
100 _a42
101 _aAST
245 _aEXTRA-TERRESTRIAL INTELLIGENCE: THE FIRST ENCOUNTER
_cCHRISTIAN,J,L
942 _2udc
_cBK
999 _c26920
_d26920